Guinness world records 2003

Na minha lista:
Detalhes bibliográficos
Formato: Livro
Idioma:Undetermined
Publicado em: 2003
Assuntos:
Tags: Adicionar Tag
Sem tags, seja o primeiro a adicionar uma tag!
Thư viện lưu trữ: Trung tâm Học liệu Trường Đại học Cần Thơ
LEADER 00370nam a2200145Ia 4500
001 CTU_130196
008 210402s9999 xx 000 0 und d
020 |c 27.95 
082 |a 904 
082 |b G964 
245 0 |a Guinness world records 2003 
260 |c 2003 
650 |a World records. 
904 |i Tuyến 
980 |a Trung tâm Học liệu Trường Đại học Cần Thơ